000 00879nam a22002417a 4500
008 260120b |||||||| |||| 00| 0 eng d
020 _a9780323937665
050 _aRC683.5
_b.E5 H3 2025
100 _aHampton, John,
_dauthor.
245 _aThe ECG made easy /
_cJohn Hampton, Joanna Hampton, David Adlam.
250 _a10th edition.
260 _aAmsterdam :
_bElsevier - Health Sciences Division,
_c2024.
300 _axii, 198p. :
_billustrations ;
_c19cm.
500 _aIncludes index.
650 _aElectrocardiography
_xStudy and teaching.
650 _aCardiovascular diseases
_xDiagnosis.
650 _aHeart
_xDiseases
_xDiagnosis.
700 _aHampton, Joanna,
_eauthor.
700 _aAdlam, David,
_eauthor.
700 _aElsevier - Health Sciences Division,
_epublisher.
710 _aElsevier.
942 _2lcc
_cBOOKS
_hRC683.5 .E5 H3 2025
999 _c32340
_d32340